[Event "AUT-ch Blitz"]
[Site "Innsbruck"]
[Date "2025.06.21"]
[Round "2"]
[White "Kienboeck, Benjamin"]
[Black "Peyrer, Konstantin"]
[Result "0-1"]
[WhiteElo "2219"]
[BlackElo "2472"]
[PlyCount "117"]
[EventDate "2025.06.21"]
[EventType "swiss (blitz)"]
[EventRounds "11"]
[EventCountry "AUT"]
[SourceTitle "CB26_2025"]
[SourceDate "2025.06.25"]
[SourceVersion "1"]
[SourceVersionDate "2025.06.25"]
[SourceQuality "1"]

1. e4 e5 2. Nf3 Nc6 3. Bb5 a6 4. Ba4 f5 5. d4 exd4 6. exf5 Nf6 7. 0-0 Be7 8. Bb3 d5 9. c3 Bxf5 10. Nxd4 Nxd4 11. cxd4 0-0 12. Nc3 c6 13. h3 Qd7 14. Be3 Bxh3 15. gxh3 Qxh3 16. f3 Qg3+ 17. Kh1 Bd6 18. Qe2 Rae8 19. Ne4 Qh3+ 20. Kg1 Nxe4 21. fxe4 Bh2+ 22. Qxh2 Qxe3+ 23. Kh1 Qxe4+ 24. Qg2 Qxd4 25. Rxf8+ Rxf8 26. Rf1 Rxf1+ 27. Qxf1 Qh4+ 28. Kg1 Qg5+ 29. Kh1 Qf6 30. Qe2 Kf7 31. Qe3 g6 32. Qb6 Qf1+ 33. Kh2 Qf4+ 34. Kg1 Qg5+ 35. Kh1 Qe7 36. Qd4 Qf6 37. Qb6 Qf3+ 38. Kg1 Qg4+ 39. Kh1 Qd7 40. Kg1 Qe7 41. Qd4 h5 42. Qf4+ Kg7 43. Qd4+ Qf6 44. Qb6 Qf7 45. Qd4+ Qf6 46. Qb6 Qe7 47. Qd4+ Kh6 48. Qh8+ Kg5 49. Qd4 Qe1+ 50. Kg2 Qe2+ 51. Kg3 Qe1+ 52. Kg2 h4 53. Qc5 Qg3+ 54. Kf1 Qf3+ 55. Kg1 Qf6 56. Qe3+ Qf4 57. Qe7+ Kh6 58. Qxb7 h3 59. Qb4 0-1

[Event "AUT-ch Blitz"]
[Site "Innsbruck"]
[Date "2025.06.21"]
[Round "9"]
[White "Kienboeck, Benjamin"]
[Black "Vrban, Damir"]
[Result "1-0"]
[WhiteElo "2219"]
[BlackElo "2154"]
[PlyCount "63"]
[EventDate "2025.06.21"]
[EventType "swiss (blitz)"]
[EventRounds "11"]
[EventCountry "AUT"]
[SourceTitle "CB26_2025"]
[SourceDate "2025.06.25"]
[SourceVersion "1"]
[SourceVersionDate "2025.06.25"]
[SourceQuality "1"]

1. e4 Nf6 2. e5 Nd5 3. d4 d6 4. c4 Nb6 5. Nf3 g6 6. Nc3 Bg7 7. Bf4 0-0 8. Be2 Nc6 9. 0-0 dxe5 10. dxe5 Be6 11. b3 Qc8 12. Qd2 Rd8 13. Qe3 Bg4 14. Rad1 a6 15. h3 Bxf3 16. Bxf3 Nd7 17. e6 Nde5 18. exf7+ Nxf7 19. Nd5 e5 20. Bg5 Re8 21. Bg4 Qb8 22. Bd7 Rf8 23. Ne7+ Kh8 24. Nxc6 bxc6 25. Be7 Rg8 26. Bxc6 Nd6 27. Bxa8 Qxa8 28. Bxd6 cxd6 29. Rxd6 a5 30. Qd3 a4 31. Qd5 Qb8 32. bxa4 1-0

[Event "AUT-ch Rapid"]
[Site "Innsbruck"]
[Date "2025.06.19"]
[Round "2"]
[White "Widner, Stefan"]
[Black "Kienboeck, Benjamin"]
[Result "0-1"]
[WhiteElo "1980"]
[BlackElo "2219"]
[PlyCount "114"]
[EventDate "2025.06.19"]
[EventType "swiss (rapid)"]
[EventRounds "9"]
[EventCountry "AUT"]
[SourceTitle "CB26_2025"]
[SourceDate "2025.06.25"]
[SourceVersion "1"]
[SourceVersionDate "2025.06.25"]
[SourceQuality "1"]

1. c4 Nf6 2. g3 e6 3. Bg2 d5 4. Nf3 d4 5. 0-0 Nc6 6. d3 e5 7. Bg5 Be7 8. Nbd2 0-0 9. Rb1 a5 10. b3 Nd7 11. Bxe7 Qxe7 12. Qc1 f5 13. Qb2 Nf6 14. a3 Rd8 15. b4 axb4 16. axb4 e4 17. Ne1 e3 18. Ndf3 Ng4 19. Nc2 exf2+ 20. Rxf2 Nxf2 21. Kxf2 Re8 22. Re1 Ne5 23. Nxe5 Qxe5 24. Qxd4 c6 25. Qxe5 Rxe5 26. Nd4 Bd7 27. Nb3 Ra2 28. Nc5 Bc8 29. d4 Re8 30. d5 b6 31. Nd3 cxd5 32. Bxd5+ Be6 33. Nf4 Bxd5 34. Nxd5 Rb2 35. Nxb6 Rxb4 36. c5 Rb2 37. Nc4 Rc2 38. Nd6 Re5 39. Nb7 Re7 40. Nd6 Rxc5 41. Rb1 h6 42. Rb8+ Kh7 43. Rb2 Re6 44. Nb7 Rd5 45. Rc2 Rb6 46. Rc7 Rb2 47. Re7 Kg6 48. Rc7 Rdd2 49. Rc6+ Kh7 50. Nd6 Rxe2+ 51. Kf3 Rf2+ 52. Ke3 Rbe2+ 53. Kd4 Re6 54. Kd5 Rf6 55. Ra6 Rxh2 56. Ke5 Re2+ 57. Kf4 Rd2 0-1

[Event "Bodensee op 9th"]
[Site "Bregenz"]
[Date "2025.05.29"]
[Round "6"]
[White "Kienboeck, Benjamin"]
[Black "Hoellrigl, Wilfried"]
[Result "0-1"]
[WhiteElo "2264"]
[BlackElo "2098"]
[PlyCount "118"]
[EventDate "2025.05.24"]
[EventType "swiss"]
[EventRounds "9"]
[EventCountry "AUT"]
[SourceTitle "CB23_2025"]
[SourceDate "2025.06.04"]
[SourceVersion "1"]
[SourceVersionDate "2025.06.04"]
[SourceQuality "1"]

1. d4 Nf6 2. c4 g6 3. Nc3 Bg7 4. e4 d6 5. h3 0-0 6. Be3 e5 7. d5 Na6 8. Nf3 Nc5 9. Nd2 Ne8 10. h4 f5 11. h5 Nf6 12. hxg6 hxg6 13. f3 a5 14. Qc2 Bd7 15. 0-0-0 f4 16. Bf2 Nh5 17. Nb3 b6 18. Nxc5 bxc5 19. Qd2 Qe7 20. Bd3 Kf7 21. Bc2 Rh8 22. Ba4 Bxa4 23. Nxa4 Bf6 24. Nc3 Kg7 25. Nb5 a4 26. Kb1 Bg5 27. Qe1 Rhb8 28. Rh3 Rh8 29. Qg1 Nf6 30. Rxh8 Rxh8 31. Be1 Ra8 32. g3 fxg3 33. Qxg3 Nh5 34. Qg4 Be3 35. Qe6 Qd8 36. Bc3 Bd4 37. Bxd4 cxd4 38. Qg4 Qc8 39. Qg5 Qd8 40. Qxd8 Rxd8 41. Nxc7 Nf4 42. Nb5 Kf6 43. Rh1 Kg5 44. Kc2 Ne2 45. Nc7 Nf4 46. Rh7 Rc8 47. b3 axb3+ 48. axb3 Rb8 49. Rf7 Kh4 50. Ne6 Kg3 51. Rxf4 exf4 52. Nxd4 g5 53. e5 dxe5 54. Nc6 Re8 55. Nxe5 Rxe5 56. d6 Re6 57. c5 Re5 58. b4 Rd5 59. Kc3 Kxf3 0-1

[Event "Sardinia World op-A"]
[Site "Orosei"]
[Date "2025.04.30"]
[Round "5"]
[White "Kienboeck, Benjamin"]
[Black "Nortier, Julien"]
[Result "0-1"]
[WhiteElo "2240"]
[BlackElo "2083"]
[PlyCount "72"]
[EventDate "2025.04.27"]
[EventType "swiss"]
[EventRounds "9"]
[EventCountry "ITA"]
[SourceTitle "CB19_2025"]
[SourceDate "2025.05.07"]
[SourceVersion "1"]
[SourceVersionDate "2025.05.07"]
[SourceQuality "1"]

1. e4 d6 2. d4 Nf6 3. Nc3 g6 4. Be3 c6 5. Qd2 Nbd7 6. f3 b5 7. h4 Nb6 8. b3 Qc7 9. g4 h5 10. g5 Nfd7 11. Bh3 Bg7 12. a4 b4 13. Nce2 a5 14. Rd1 c5 15. d5 Ne5 16. Bg2 Ba6 17. Kf2 0-0 18. Kg3 Nec4 19. bxc4 Nxc4 20. Qd3 Nb2 21. Qd2 Nxd1 22. Qxd1 Qd7 23. f4 Qxa4 24. Nf3 Qb5 25. Bf1 a4 26. Nc1 Qb7 27. Nd2 Bxf1 28. Qxf1 Bc3 29. Rh2 Rfb8 30. Qd3 Bxd2 31. Bxd2 Qc8 32. f5 c4 33. Qd4 c3 34. Be1 Qc5 35. Bf2 b3 36. Qd1 Qc4 0-1

[Event "Sardinia World op-A"]
[Site "Orosei"]
[Date "2025.04.28"]
[Round "3"]
[White "Kienboeck, Benjamin"]
[Black "Srikant Koduri, Advaitt"]
[Result "1/2-1/2"]
[WhiteElo "2240"]
[BlackElo "2017"]
[PlyCount "96"]
[EventDate "2025.04.27"]
[EventType "swiss"]
[EventRounds "9"]
[EventCountry "ITA"]
[SourceTitle "CB19_2025"]
[SourceDate "2025.05.07"]
[SourceVersion "1"]
[SourceVersionDate "2025.05.07"]
[SourceQuality "1"]

1. d4 d5 2. c4 c6 3. Nf3 Nf6 4. e3 Bf5 5. Nc3 e6 6. Nh4 Bg6 7. Qb3 Qb6 8. Nxg6 hxg6 9. Bd2 Nbd7 10. Bd3 Be7 11. Qxb6 axb6 12. f3 dxc4 13. Bxc4 b5 14. Bd3 e5 15. Kf2 exd4 16. exd4 Nb6 17. Rhe1 Kd7 18. Ne4 Nxe4+ 19. fxe4 Rxh2 20. Bf4 Bh4+ 21. Kf3 Bxe1 22. Bxh2 Bh4 23. Bf4 Bf6 24. Be3 Nc4 25. b3 Nxe3 26. Kxe3 Bg5+ 27. Ke2 Ra3 28. e5 Ke6 29. Be4 Bd8 30. Kd3 Ba5 31. Kc2 Bb6 32. Kd3 Ra8 33. Kc3 Ba5+ 34. b4 Bb6 35. Bc2 Rd8 36. Rd1 Ke7 37. Rd2 Bc7 38. Re2 Bb6 39. Rd2 Bc7 40. Re2 Rh8 41. Bb3 Rh5 42. a4 bxa4 43. Bxa4 Bb6 44. Bc2 Rh4 45. Re4 g5 46. Rxh4 gxh4 47. Bf5 Bc7 48. Kc4 Bb8 1/2-1/2

[Event "Budapest One Week IM-B 12"]
[Site "Budapest"]
[Date "2024.12.20"]
[Round "9"]
[White "Kienboeck, Benjamin"]
[Black "La Barbera, Manfredi"]
[Result "1-0"]
[WhiteElo "2238"]
[BlackElo "2115"]
[PlyCount "51"]
[EventDate "2024.12.16"]
[EventType "tourn"]
[EventRounds "9"]
[EventCountry "HUN"]
[SourceTitle "CB52_2024"]
[SourceDate "2024.12.25"]
[SourceVersion "1"]
[SourceVersionDate "2024.12.25"]
[SourceQuality "1"]

1. e4 e5 2. Nf3 Nc6 3. Bb5 a6 4. Ba4 Nge7 5. c3 f6 6. d4 d5 7. exd5 Qxd5 8. dxe5 Bg4 9. Qxd5 Nxd5 10. Nbd2 Nf4 11. 0-0 0-0-0 12. Bxc6 bxc6 13. Nc4 Nh3+ 14. Kh1 Rd1 15. Be3 Rxa1 16. Rxa1 Bxf3 17. gxf3 fxe5 18. Nxe5 Bd6 19. Nf7 Rf8 20. Nxd6+ cxd6 21. Rd1 d5 22. Rd4 g5 23. Ra4 Kb7 24. Rg4 Rf5 25. Kg2 h5 26. Rb4+ 1-0

[Event "Budapest Vezerkepzo Haag IM-B 11"]
[Site "Budapest"]
[Date "2024.11.11"]
[Round "9"]
[White "Samhita, Pungavanam"]
[Black "Kienboeck, Benjamin"]
[Result "0-1"]
[WhiteElo "1752"]
[BlackElo "2187"]
[PlyCount "64"]
[EventDate "2024.11.04"]
[EventType "tourn"]
[EventRounds "9"]
[EventCountry "HUN"]
[SourceTitle "CB45_2024"]
[Source "ChessBase"]
[SourceDate "2024.11.06"]
[SourceVersion "1"]
[SourceVersionDate "2024.11.06"]
[SourceQuality "1"]

1. e4 c6 2. d4 d5 3. Nc3 dxe4 4. Nxe4 Bf5 5. Ng3 Bg6 6. h4 h6 7. Nf3 Nf6 8. h5 Bh7 9. Bd3 Bxd3 10. Qxd3 e6 11. Bd2 c5 12. 0-0-0 Nc6 13. Be3 Qa5 14. Kb1 0-0-0 15. Qb3 Be7 16. dxc5 Bxc5 17. Bxc5 Qxc5 18. Qe3 Qxe3 19. fxe3 Ng4 20. e4 Ne3 21. Rxd8+ Rxd8 22. Rg1 Rd7 23. Ne2 Ng4 24. g3 Nf6 25. Nc3 Nxh5 26. g4 Nf4 27. Re1 Ng6 28. Kc1 f6 29. a3 Nge5 30. Nxe5 Nxe5 31. Rg1 Kd8 32. Ne2 Ke7 0-1

[Event "AUT-ch"]
[Site "Linz"]
[Date "2024.08.03"]
[Round "8"]
[White "Kienboeck, Benjamin"]
[Black "Horvath, Dominik"]
[Result "1/2-1/2"]
[WhiteElo "2215"]
[BlackElo "2561"]
[PlyCount "133"]
[EventDate "2024.07.27"]
[EventType "swiss"]
[EventRounds "9"]
[EventCountry "AUT"]
[SourceTitle "CBM 221 Extra"]
[Source "ChessBase"]
[SourceDate "2024.09.30"]
[SourceVersion "1"]
[SourceVersionDate "2024.09.30"]
[SourceQuality "1"]

1. e4 c5 2. Nf3 d6 3. d4 cxd4 4. Nxd4 Nf6 5. Nc3 a6 6. Bg5 e6 7. Qf3 Nbd7 8. 0-0-0 Qc7 9. a3 Rb8 10. Bxf6 Nxf6 11. g4 Be7 12. g5 Nd7 13. Qe3 Qc5 14. f4 b5 15. b4 Qb6 16. h4 Bb7 17. Bh3 Rc8 18. Rhe1 Rc7 19. Qg3 0-0 20. h5 Rfc8 21. Re3 Nf8 22. g6 hxg6 23. hxg6 Nxg6 24. Bxe6 Bf6 25. Bxc8 Bxd4 26. Rxd4 Qxd4 27. Bxb7 Rxb7 28. Rd3 Qf6 29. Nd5 Qa1+ 30. Kd2 Qh1 31. Re3 Rb8 32. Re1 Qh6 33. Kd3 Re8 34. Rg1 Kf8 35. Qf3 Nh4 36. Qh3 Qe6 37. Qxe6 fxe6 38. Ne3 Kf7 39. c4 Ng6 40. Rf1 Rh8 41. Kd4 Rh2 42. f5 Ne5 43. Rd1 Ra2 44. cxb5 axb5 45. fxe6+ Kxe6 46. Nd5 Nc6+ 47. Ke3 Rxa3+ 48. Kf4 Ra7 49. Rc1 Nd4 50. Rd1 g5+ 51. Kxg5 Ke5 52. Nc3 Rc7 53. Rxd4 Rxc3 54. Rd5+ Kxe4 55. Rxb5 d5 56. Rb8 d4 57. b5 d3 58. b6 Rc5+ 59. Kf6 Rc6+ 60. Kg5 Rc5+ 61. Kg6 d2 62. Rd8 Ke3 63. b7 Rc6+ 64. Kg5 Rb6 65. Re8+ Kf2 66. Rf8+ Ke2 67. Re8+ 1/2-1/2

[Event "AUT-ch"]
[Site "Linz"]
[Date "2024.07.30"]
[Round "4"]
[White "Kienboeck, Benjamin"]
[Black "Balint, Peter1"]
[Result "0-1"]
[WhiteElo "2215"]
[BlackElo "2317"]
[PlyCount "100"]
[EventDate "2024.07.27"]
[EventType "swiss"]
[EventRounds "9"]
[EventCountry "AUT"]
[SourceTitle "CBM 221 Extra"]
[Source "ChessBase"]
[SourceDate "2024.09.30"]
[SourceVersion "1"]
[SourceVersionDate "2024.09.30"]
[SourceQuality "1"]

1. e4 e5 2. Nf3 Nc6 3. Bb5 a6 4. Ba4 d6 5. c3 Bd7 6. 0-0 Nge7 7. d4 Ng6 8. Re1 Be7 9. Nbd2 0-0 10. Nf1 exd4 11. cxd4 Bg4 12. Bxc6 bxc6 13. Ne3 Bd7 14. Qc2 Re8 15. Bd2 Bf8 16. Ba5 Nf4 17. g3 Nh3+ 18. Kg2 Ng5 19. Nxg5 Qxg5 20. b4 Qg6 21. f3 d5 22. e5 Qh5 23. a3 Rac8 24. g4 Qh6 25. Kg3 Be7 26. Ng2 f5 27. h3 f4+ 28. Kh2 Bh4 29. Nxh4 Qxh4 30. Qg2 Re6 31. Rh1 h5 32. Kg1 Rg6 33. Qf2 Qe7 34. Qc2 Rh6 35. Kg2 Kf7 36. Qd2 g5 37. Rac1 Qe8 38. Qd3 Qh8 39. Rce1 Be6 40. Qxa6 Qh7 41. Qxc6 Qd3 42. Qc1 hxg4 43. hxg4 Rxh1 44. Rxh1 Qe2+ 45. Kg1 Qxf3 46. Rh7+ Kg8 47. Rxc7 Qxg4+ 48. Kh1 f3 49. Qc2 Rxc7 50. Bxc7 Qh4+ 0-1

[Event "St Veit op 43rd"]
[Site "St Veit"]
[Date "2024.07.10"]
[Round "6"]
[White "Warzycha, Gerwin"]
[Black "Kienboeck, Benjamin"]
[Result "0-1"]
[WhiteElo "2023"]
[BlackElo "2215"]
[PlyCount "58"]
[EventDate "2024.07.06"]
[EventType "swiss"]
[EventRounds "9"]
[EventCountry "AUT"]
[SourceTitle "CBM 221 Extra"]
[Source "ChessBase"]
[SourceDate "2024.09.30"]
[SourceVersion "1"]
[SourceVersionDate "2024.09.30"]
[SourceQuality "1"]

1. e4 c6 2. d4 d5 3. e5 c5 4. dxc5 e6 5. a3 Bxc5 6. b4 Be7 7. Nf3 Nd7 8. Bd3 a5 9. b5 f6 10. Bb2 Nh6 11. Qe2 0-0 12. 0-0 Nf7 13. exf6 Bxf6 14. c4 Nc5 15. Bxf6 Qxf6 16. Ra2 e5 17. cxd5 Bg4 18. Nbd2 Ng5 19. Ne4 Ncxe4 20. Bxe4 Qf4 21. Re1 Rac8 22. Rc2 Rxc2 23. Qxc2 Rc8 24. Qb1 Bxf3 25. Bxf3 Rc3 26. Qd1 Rxf3 27. gxf3 Nxf3+ 28. Kg2 Qg4+ 29. Kf1 Nxh2# 0-1